000 00353pab a2200145 454500
008 180718b1983 xxu||||| |||| 00| 0 eng d
100 _aSaich, Tony
245 _aParty and state reforms in the People's Republic of China
260 _c1983
300 _a627-39
362 _aJuly
650 _aChina
773 _aThird World Quarterly
909 _a5305
999 _c5305
_d5305